Normal view
MARC view
- اسلحة نووية-اسلحة كيماوئية جرثومية
Entry Topical Term
001 - CONTROL NUMBER
- control field: 8985
003 - CONTROL NUMBER IDENTIFIER
- control field: JO-AjAnu
005 - DATE AND TIME OF LATEST TRANSACTION
- control field: 20230606071740.0
008 - FIXED-LENGTH DATA ELEMENTS
- fixed length control field: 230606|| aca||aabn | a|a d
040 ## - CATALOGING SOURCE
- Original cataloging agency: JO-AjAnu
- Transcribing agency: JO-AjAnu
150 ## - HEADING--TOPICAL TERM
- Topical term or geographic name entry element: اسلحة نووية-اسلحة كيماوئية جرثومية
670 ## - SOURCE DATA FOUND
- Source citation: Work cat.: (JO-AjAnu)4636: عطية، ممدوح حامد/م مشارك حرب صلاح الدين سليم , author 8984, الاسلحة النووية والكيمائية والبيولوجية في عالمنا المعاصر